00610cam a22002171 4500001001300000003000400013005001700017008004100034010001700075035002000092040001800112042001200130050001900142100004100161245004100202260001100243300003500254600003900289700004700328999001700375sa 67005710 DLC20260227112359.0881102s1967 xx 000 0 hino  asa 67005710  a(OCoLC)23568610 aDLCcMiUdDLC apremarc00aPK2098.V3bZ821 aPanta, Sumitrānandana,d1900-1977.10aMahādevī saṃsmaraṇa grantha. c[1967] a225 p.billus., ports.c26 cm.10aVarmā, Mahādevī,d1907-1987.1 aJośī, Śāntī,d1923-ejoint comp. c75387d75387